01226nam a2200217 4500003000900000020001800009040002800027082001600055100003300071245013800104260005700242300002400299490010200323500017700425504002100602520023400623650003400857650004500891650004500936700002700981CO-ViMGA a9789587850444 aCO-ViMGAbspacCO-ViMGA04a498 b P65t1 aPónare González, Beatriz10aTajume liwaisi = Mi lengua sikuani / c textos y traducción de Beatriz Pónare González ; ilustración de Luis Alfredo Pónare aBogotá :bMinisterio de Educación Nacionalc2017 a[40] p.:bil. color aPlan Nacional de Lectura y Escritura Leer es mi CuentoaRío de letras. Territorios narrados; 16 aColección de actualización bibliográfica para la Red de Bibliotecas Públicas del Ministerio de Cultura, Plan Nacional de Lectura y Escritura Leer es mi cuento, 2018 aIncluye glosario aSe trata de un abecedario profusamente ilustrado dirigido a niños de básica primaria y que además representa un viaje a través de la flora y fauna que rodea a la comunidad sikuani del Vichada...tomado de la contracubierta14aLenguas indígenaszColombia14aSikuani (lengua indígena)xEnseñanza14aSikuani (lengua indígena)xGramática1 aPónare, Luis Alfredo